000
00352nam a2200133Ia 4500
008
100328s9999 xx 000 0 und d
082
_b
60246
100
_a
कर्णिक संया.
245
_a
निरंतर.
260
_b
गं्रथाली.
630
_a
निरंतर.
730
_a
निरंतर.
942
_c
BOOK
999
_c
546408
_d
546405